| 000 | 00494cab a2200193 4500 | ||
|---|---|---|---|
| 001 | X2279 | ||
| 008 | 090401t1995 xxu||||| |||| 00| 0 eng d | ||
| 035 | _a(Sirsi) u23099 | ||
| 041 | _aeng | ||
| 245 | _aPeace and property | ||
| 260 | _c1995 | ||
| 350 | _a0 | ||
| 490 |
_aCSM (Chartered Surveyor Monthly) _v4(6) April 1995, 61(1) |
||
| 650 | _aNORTHERN IRELAND PEACE PROCESS | ||
| 650 | _aNORTHERN IRELAND | ||
| 690 | _aPROPERTY-COMMERCIAL PROPERTY | ||
| 942 | _n0 | ||
| 948 | _c04/03/1997 | ||
| 999 |
_c15475 _d15475 |
||